000 00316nam a2200133Ia 4500
005 20260328104307.0
008 260328s9999||||xx |||||||||||||| ||und||
100 _aChueca, Pilar
245 0 _aTiendas Top Shops /
_cPilar Chueca
260 _bLinks
300 _a226 p.
650 _aDISEÑO Y PLANOS
942 _cBK
999 _c10807
_d10807